MDQL
is popping MORE tags! Check the
thread
!
Quizzes
Events
Quiz Creation
Community
Videos
Private Events
Remove Ads
Sign In
Join for FREE
Feedback
Dark Mode
Quiz Categories
Sports
Geography
Music
Movies
Television
Just For Fun
Miscellaneous
History
Literature
Language
Science
Gaming
Entertainment
Religion
Holiday
For Kids
Quiz Lab
Recent
Popular Today
Quiz Kudos Today
Editor Picks
Curator Picks
Quizzes by...
Day
Popularity
Type
Ratings
Length
Year
Community
Subscriptions
Recent Discussions
Orange Saloon
Badges
Playlists
Quests
Create
Leaderboards
Showdown
Live 5
Trivia Bingo
Activity
Puzzle Library
Sporcle Events
Private Events
Virtual Trivia
Globe League
Become a Host
Pub Owners
SporcleCon
Opinionation
Our Games
Videos
Blog
Mobile Apps
Partnerships
Remove Ads and Go Orange
Feedback
Sports
Athletes
MLB
NBA
NHL
NFL
Soccer
Sports Teams
WWE
NCAA
Football
Premier League
Basketball
Baseball
Hockey
Golf
Tennis
Cricket
Rugby
Auto Racing
Olympics
World Cup
Sports
Athletes
MLB
NBA
NHL
NFL
Soccer
Sports Teams
WWE
NCAA
Football
Premier League
Basketball
Baseball
Hockey
Golf
Tennis
Cricket
Rugby
Auto Racing
Olympics
World Cup
Random Quiz
Search Sporcle
×
Quiz Lab
Quiz Lab
Sports
WWE
Type in answers that appear in a list
Type in answers that appear in a list
Classic
Best Score? Go Orange.
Wwe hall of fame Stats
Can you name the wwe hall of fame
By
jellison290
15m
100 Questions
39 Plays
39 Plays
39 Plays
Comments
Comments
Give Quiz Kudos
Give Quiz Kudos
-
- Ratings
hide this ad
Replay
Link that replays current quiz
Next Quiz
Link to next quiz in quiz playlist
You Got
0%
They Got
Avg Score
49%
Avg Friend Score
Upgrade to see
Score Distribution
Jump to the score distribution portion of the page
Score
0/100
Timer
15:00
0
Plays Today
Hint
Answer
% Correct
1993
andre the giant
89.7%
2005
hulk hogan
87.2%
2008
Ric Flair
82.1%
1996
Vincent J. McMahon
79.5%
2006
Bret Hart
79.5%
2005
Jimmy Hart
76.9%
2010
Stu Hart
76.9%
2011
Shawn Michaels
76.9%
2005
Roddy Piper
74.4%
2010
Ted DiBiase
74.4%
1996
jimmy snuka
69.2%
2009
Steve Austin
69.2%
2011
Jim Duggan
69.2%
2013
Trish Stratus
69.2%
2014
The Ultimate Warrior
69.2%
2014
Jake roberts
69.2%
2008
Rocky Johnson
66.7%
2012
Edge
66.7%
2013
Bruno Sammartino
66.7%
1995
The Fabulous Moolah
64.1%
2004
Sgt. Slaughter
64.1%
2006
Dusty Rhodes
64.1%
2008
Mae Young
64.1%
2013
Mick Foley
64.1%
2006
Eddie Guerrero
61.5%
2004
big john studd
59%
2007
Jim Ross
59%
1994
buddy rogers
56.4%
2004
Tito Santana
56.4%
2004
bobby heenan
56.4%
2005
Bob Orton
56.4%
2005
The Iron Sheik
56.4%
2007
Jerry Lawler
56.4%
2011
Drew Carey
56.4%
Hint
Answer
% Correct
2014
lita
56.4%
1995
Pedro Morales
53.8%
2004
Greg valentine
53.8%
2004
Junkyard Dog
53.8%
2005
Paul Orndorff
53.8%
2006
Sensational Sherri
53.8%
2007
Curt Hennig
53.8%
2007
The Sheik
53.8%
2009
ricky Steamboat
53.8%
2012
Yokozuna
53.8%
2013
Bob Backlund
53.8%
1994
Gorilla Monsoon
51.3%
1995
george Steele
51.3%
2004
pete rose
51.3%
2009
Koko B. Ware
51.3%
2013
booker t
51.3%
2004
Harley Race
48.7%
2004
Billy Graham
48.7%
2006
Tony Atlas
48.7%
2008
Eddie Graham
48.7%
1994
Chief Jay Strongbow
46.2%
1994
freddie Blassie
46.2%
1996
Pat Patterson
46.2%
2010
Wendi Richter
46.2%
2010
Gorgeous George
46.2%
2011
Sunny
46.2%
2009
The Funks
46.2%
1994
bobo brazil
43.6%
1996
Lou Albano
43.6%
2004
Don Muraco
43.6%
2004
Jesse Ventura
43.6%
2012
Ron Simmons
43.6%
1995
Ernie Ladd
41%
1995
The Grand Wizard
41%
Hint
Answer
% Correct
2005
Nikolai Volkoff
41%
2006
Verne Gagne
41%
2007
Mr. Fuji
41%
2008
Peter Maivia
41%
1994
James Dudley
38.5%
2012
Mike Tyson
38.5%
2006
The Blackjacks
38.5%
1994
Arnold Skaaland
35.9%
1995
Ivan Putski
35.9%
2006
Gene Okerlund
35.9%
2006
William perry
35.9%
2010
Maurice Vachon
35.9%
2008
Gordon Solie
33.3%
2012
the four horsemen
33.3%
1996
Killer Kowalski
30.8%
2007
Nick Bockwinkel
30.8%
2009
Bill Watts
30.8%
2012
Mil Mascaras
30.8%
2011
the road warriors
30.8%
1995
Antonino Rocca
28.2%
1996
Johnny Rodz
28.2%
2010
Antonio Inoki
28.2%
2011
Abdullah the Butcher
28.2%
2009
howard Finkel
25.6%
2013
Donald Trump
25.6%
2010
Bob Uecker
23.1%
2007
The Wild Samoans
23.1%
2008
The Brisco Brothers
23.1%
1996
The Valiant Brothers
20.5%
2009
the von erichs
20.5%
2011
Bob Armstrong
17.9%
1996
Mikel Scicluna
15.4%
Quiz Playlist
Details
Report
Send in Message
Add To Playlist
Classic:
Type in answers that appear in a list
Last Updated: Feb 16, 2017
Quiz Scoreboard
CHALLENGE
Sign Up to Join the Scoreboard
Show All
Scores
Hide
Comments
May contain spoilers
Recently Published
1-10 Letter E Words III
by El_Dandy
Language
2m
Street Fighter Characters
by Artimus82
Gaming
60s
College Basketball Coaching Resumes
by pancakes188
Sports
9m
More to Explore
Quiz From the Vault
Featured Blog Post
Where Did the Easter Bunny Come From?
hide this ad
You Might Also Like...
Tags
WWE Quiz
fame
hall
Today's Top Quizzes in Sports
Browse Sports
hide this ad
Today's Top Quizzes in WWE
Browse WWE
Top Contributed Quizzes in Sports
1
2022 World Cup Stars
2
Les meilleurs buteurs des matchs entre le PSG et l’OM
3
FIFA Club World Cup Champions
4
Les entraîneurs de l'OM et du PSG au 21e siècle
5
Criteria MLB: Left Handed Sluggers
6
2023 MLB Unique Player Accomplishments
7
AFC Teams Reveal (Wrong Answers Minefield)
8
Players with Multiple 50 Home Run Seasons
9
5-to-1: FBS Animal Nicknames
10
5-to-1: UK Sports Teams
Explore More
Trending Topics
Kpop
Harry Potter
Disney
Anime
NBA
Marvel
Crossword
The Office
Country
Puzzle
WWE
NFL
Soccer
Pokémon
Song
hide this ad
More By:
jellison290
Quiz
Plays
Rating
Category
Featured
Created
wwe hall of fame
39
1.50
Sports
Feb 25, 2014
wwe defunct titles
6
Sports
Mar 1, 2014
Go to Creator's Profile
Score Distribution
Quiz Creator Spotlight
jellison290
Follow
Send a Message
Quizzes Created
-
Created Quiz Play Count
-
More By This Creator
Popular Quizzes Today
1
Find the US States - No Outlines Minefield
2
Find the Countries of Europe - No Outlines Minefield
3
The Countries of the World
4
Find the US States
5
Risky Map Clicking: Biggest States A-Z
6
US States
7
Popular People in 1961
8
Movies - When Are They Set?
More Sports Quizzes
2004 European Champions - Porto
Quiz Lab
Trending Quizzes
Risky Map Clicking: Least Populous States A-Z
1-10 Letter G Words
1-10 Letter F Words
Countries of the World: 200 Million BC
Risky Map Clicking: Next State Alphabetically
Recently Updated
Beyoncé Albums
pecheneg
Leaping Animals
pecheneg
Reality TV Shows (A-Z)
bhenderson79
Rickey Henderson's Hall of Fame Teammates
pecheneg
Champions League XIs: Arsenal
pecheneg
Quick Pick: Celebrities in WWE's Hall of Fame
aduchscher
A-Z Keypad Blitz II
pecheneg
Multiple Oscar Actors
pecheneg
Mystery Phrase Blitz: Oscar 'Best Actors'
pecheneg
F. Scott Fitzgerald Novels
LTH
Trending Topics
Kpop
Disney
NBA
Anime
Harry Potter
Crossword
Marvel
WWE
Country
Song
Pokémon
The Office
Soccer
NFL
Puzzle
Your Account Isn't Verified!
In order to create a playlist on Sporcle, you need to verify the email address you used during registration. Go to your
Sporcle Settings
to finish the process.
Report this User
Report this user for behavior that violates our
Community Guidelines
.
Details:
Send Report
Go to the Sporcle.com Mobile Site →
Comments